000 00297nam a22001337a 4500
008 170224b xxu||||| |||| 00| 0 eng d
020 _a9780323039277
041 _aeng
080 _230 ED
_a617
100 _a5
101 _aSHK
245 _aCARE PATIENT SURGERY
_cROTHROCK.J.C
942 _2udc
_cBK
999 _c6228
_d6228